000 00530nam a2200217Ia 4500
003 OSt
005 20220928145004.0
006 a|||||r|||| 00| 0
007 ta
008 220927b |||||||| |||| 00| 0 eng d
024 _a77932
037 _cTextual
040 _aSDCL
_cSDCL
_beng
041 _2eng
_aeng
082 _aX:89F, N1
100 _aChadwick Leslie
245 0 _aEssence of management accounting.
260 _c1991
942 _hX:89F, N1
_cTEXL
_2CC
999 _c831246
_d831246